Миссия инновационного (предпринимательского) университета; Инженерное образование; № 2
| Parent link: | Инженерное образование: электронный научный журнал/ Ассоциация инженерного образования России (АИОР).— : [Б. и.], 2003-.— 1810-2883 № 2.— 2004.— [С. 6-11] |
|---|---|
| Autor principal: | |
| Altres autors: | |
| Sumari: | Заглавие с титульного листа В статье на основе анализа работ отечественных и зарубежных авторов и опыта вузов по становлению и развитию инновационных университетов сформирована обобщенная полимодальная миссия инновационного (предпринимательского) университета. The paper deals with the generalized polymodal mission of the innovation (entrepreneurial) university. The mission is based on the analysis of foreign and domestic experience concerning the formation and development of the innovation university. |
| Idioma: | rus |
| Publicat: |
2004
|
| Col·lecció: | Инновационный университет |
| Matèries: | |
| Accés en línia: | https://old.aeer.ru/files/io/m2/st1.pdf |
| Format: | Electrònic Capítol de llibre |
| KOHA link: | https://koha.lib.tpu.ru/cgi-bin/koha/opac-detail.pl?biblionumber=506278 |
MARC
| LEADER | 00000naa2a2200000 4500 | ||
|---|---|---|---|
| 001 | 506278 | ||
| 005 | 20250520132538.0 | ||
| 035 | |a (RuTPU)RU\TPU\prd\177159 | ||
| 035 | |a RU\TPU\prd\177145 | ||
| 090 | |a 506278 | ||
| 100 | |a 20130507d2004 k y0rusy50 ca | ||
| 101 | 0 | |a rus | |
| 102 | |a RU | ||
| 135 | |a drnn ---uucaa | ||
| 181 | 0 | |a i | |
| 182 | 0 | |a b | |
| 200 | 1 | |a Миссия инновационного (предпринимательского) университета |f Ю. П. Похолков, Б. Л. Агранович | |
| 203 | |a Текст |c электронный | ||
| 215 | |a 1 файл (139 Кб) | ||
| 225 | 1 | |a Инновационный университет | |
| 300 | |a Заглавие с титульного листа | ||
| 320 | |a [Библиогр.: с. 11 (8 назв.)] | ||
| 330 | |a В статье на основе анализа работ отечественных и зарубежных авторов и опыта вузов по становлению и развитию инновационных университетов сформирована обобщенная полимодальная миссия инновационного (предпринимательского) университета. | ||
| 330 | |a The paper deals with the generalized polymodal mission of the innovation (entrepreneurial) university. The mission is based on the analysis of foreign and domestic experience concerning the formation and development of the innovation university. | ||
| 337 | |a Adobe Reader | ||
| 461 | 1 | |0 (RuTPU)RU\TPU\prd\176632 |x 1810-2883 |t Инженерное образование |o электронный научный журнал |f Ассоциация инженерного образования России (АИОР) |n [Б. и.] |d 2003- | |
| 463 | 1 | |0 (RuTPU)RU\TPU\prd\177140 |t № 2 |v [С. 6-11] |d 2004 | |
| 610 | 1 | |a инновационные университеты | |
| 610 | 1 | |a миссия | |
| 610 | 1 | |a становление | |
| 610 | 1 | |a развитие | |
| 610 | 1 | |a инновационное образование | |
| 610 | 1 | |a труды учёных ТПУ | |
| 610 | 1 | |a электронный ресурс | |
| 700 | 1 | |a Похолков |b Ю. П. |c специалист в области электротехники, доктор технических наук |c ректор Томского политехнического университета (1990-2008), профессор |f 1939- |g Юрий Петрович |x TPU |y Томск |3 (RuTPU)RU\TPU\pers\10508 |9 2235 | |
| 701 | 1 | |a Агранович |b Б. Л. |c специалист в области радиотехники |c профессор Томского политехнического университета, кандидат технических наук |f 1938-2014 |g Борис Львович |3 (RuTPU)RU\TPU\pers\22706 |9 9739 | |
| 801 | 1 | |a RU |b 63413507 |c 20090623 |g PSBO | |
| 801 | 2 | |a RU |b 63413507 |c 20130507 |g PSBO | |
| 856 | 4 | |u https://old.aeer.ru/files/io/m2/st1.pdf | |
| 942 | |c BK | ||